| 000 | 00777nam a2200241Ia 4500 | ||
|---|---|---|---|
| 008 | 180523s9999 xx 000 0 und d | ||
| 020 | _a0-07-120426-1 | ||
| 050 | _aMAIN BS 1199.L4 | ||
| 050 | _b.W57 2001 | ||
| 245 | 4 | _aThe Wisdom of Solomon at work : | |
| 245 | 0 | _bancient virtues for living and leading today / | |
| 245 | 0 | _cCharles C. Manz.. [[et al].] | |
| 260 | _aSan Francisci, California : | ||
| 260 | _bBerrett-Koehler Pub., Inc. | ||
| 260 | _c2001 | ||
| 300 | _a174 pages : | ||
| 300 | _c22 cm. | ||
| 500 | _aIncludes bibliographical references and index. | ||
| 650 | _aLeadership -- Biblical teaching. | ||
| 650 | _aWork -- Biblical teaching. | ||
| 650 | _xBiblie O.T. -- Criticism, interpretation, etc. | ||
| 650 | _xSuccess -- Biblical teaching. | ||
| 999 |
_c356591 _d356591 |
||